| 000 | 00441nam a22001337a 4500 | ||
|---|---|---|---|
| 082 |
_a624.18341 _bPUR _cL-19, P-88 |
||
| 100 |
_aPurushothaman, P _943253 |
||
| 245 |
_aReinforced concrete structural elements _cP Purushothaman _bbehavior analysis and design |
||
| 260 |
_aIndia : _bTATA McGraw Hill Publishing Company, _c1984. |
||
| 300 | _aix, 709 p. : | ||
| 526 |
_a0 _b0 _c0 _d624_183410000000000_PUR |
||
| 650 |
_aMCE _9379 |
||
| 942 |
_2ddc _cBK |
||
| 999 |
_c547063 _d547063 |
||